Nový finančný výhľad Európskej únie vyvážený alebo kompromis?

Zhodnotenie širšieho kontextu ako aj konkrétneho obsahu a významu dohody o novom finančnom výhľade, vrátane implikácií na Slovenskú republiku. Charakteristika pojmu finančný výhľad. História jeho vzniku a význam zostavovania. Zhodnotenie priebehu rokovaní o novom finančnom výhľade na obdobie 2007-...

Descripción completa

Guardado en:
Detalles Bibliográficos
Autor principal: Polakovič, Jozef
Formato: Capítulo de libro
Lenguaje:eslovaco
Materias:
Etiquetas: Agregar Etiqueta
Sin Etiquetas, Sea el primero en etiquetar este registro!

MARC

LEADER 00000naa$a2200000$$$4500
001 0044650
005 20240502071524.2
041 0 |a slo 
044 |a SK 
245 1 0 |a Nový finančný výhľad Európskej únie  |b vyvážený alebo kompromis?  |c Jozef Polakovič 
520 |a Zhodnotenie širšieho kontextu ako aj konkrétneho obsahu a významu dohody o novom finančnom výhľade, vrátane implikácií na Slovenskú republiku. Charakteristika pojmu finančný výhľad. História jeho vzniku a význam zostavovania. Zhodnotenie priebehu rokovaní o novom finančnom výhľade na obdobie 2007-2013. Priority Európskej únie na nové sedemročné programovacie obdobie. Priority Slovenskej republiky počas rokovaní o novom finančnom výhľade. 
610 2 0 |a Slovensko 
610 2 0 |a Európska únia 
610 2 0 |a financovanie 
610 2 0 |a prognózy 
610 2 0 |a výdavky rozpočtu štátneho 
610 2 0 |a rozpočet spoločný 
100 1 |a Polakovič, Jozef